[Event "zonal 3.5 (w)"]
[Site "Zhongshan CHN"]
[Date "2013.11.08"]
[Round "11.14"]
[White "Li Yunshan"]
[Black "Jiang Zhaoyi"]
[Result "0-1"]
[WhiteElo "1767"]
[BlackElo "1891"]
[EventDate "2013.10.29"]
[PlyCount "156"]

1.d4 Nf6 2.c4 e6 3.g3 d5 4.Nf3 b6 5.Bg2 Bb7 6.Ne5 Bb4+ 7.Bd2 Bxd2+ 8.Nxd2 
O-O 9.O-O Nbd7 10.Nxd7 Qxd7 11.Qc2 Rac8 12.Rac1 c5 13.dxc5 bxc5 14.cxd5 
exd5 15.Nb3 Qb5 16.Rfd1 a5 17.e3 a4 18.Nd2 Rfd8 19.Nb1 Qe8 20.Nc3 Bc6 21.
Qf5 Bd7 22.Qd3 Bc6 23.Qf5 Bd7 24.Qc2 Bc6 25.Ne2 Bb7 26.Nf4 Qc6 27.Rd2 Rd6 
28.Qf5 g6 29.Qd3 Rcd8 30.Rdc2 Ba6 31.Qa3 c4 32.Ne2 Ne4 33.Nd4 Qe8 34.Rd1 
Rb6 35.Ne2 Rbd6 36.Rd4 f5 37.Nc3 Nxc3 38.Qxc3 Qb5 39.Rcd2 Bb7 40.h4 Bc8 
41.Bf1 Ba6 42.Bg2 Bb7 43.h5 Kf7 44.hxg6+ Rxg6 45.e4 fxe4 46.Bxe4 Rh6 47.
Qf3+ Rf6 48.Qh5+ Kf8 49.Qxh7 Rd7 50.Qh8+ Kf7 51.Bh7 Ke7 52.Re2+ Re6 53.
Qg7+ Kd6 54.Qf8+ Rde7 55.Qb8+ Kc6 56.Red2 Rxh7 57.Qd8 Rd7 58.Qg5 Kb6 59.
Qf5 Rde7 60.g4 Qe8 61.Qc2 Re1+ 62.Kg2 Qh8 63.Qg6+ R7e6 64.Qg5 Qh1+ 65.Kg3 
Rg1+ 66.Kf4 Re4+ 67.Kf5 Qf3+ 68.Kg6 Rexg4 69.Rxg4 Rxg4 70.Qxg4 Qxg4+ 71.
Kf6 Qf4+ 72.Ke7 Qxd2 73.Kd6 d4 74.f4 Qxf4+ 75.Kd7 d3 76.Kd8 Qe5 77.b4 d2 
78.b5 d1=Q# 0-1

[Event "zonal 3.5 (w)"]
[Site "Zhongshan CHN"]
[Date "2013.11.08"]
[Round "11.18"]
[White "Hu Yu A"]
[Black "Bai Xue"]
[Result "1-0"]
[WhiteElo "1861"]
[BlackElo "1581"]
[EventDate "2013.10.29"]
[PlyCount "57"]

1.e4 c5 2.Nf3 d6 3.d4 cxd4 4.Nxd4 Nf6 5.Nc3 e6 6.Be3 Be7 7.f3 Nc6 8.Qd2 a6
9.g4 h6 10.O-O-O Bd7 11.h4 b5 12.Bd3 e5 13.Nxc6 Bxc6 14.g5 Ng8 15.Nd5 Bxd5
16.exd5 h5 17.f4 Qc7 18.Rhe1 Kf8 19.Qf2 f6 20.Bb6 Qb8 21.fxe5 dxe5 22.d6 
Bxd6 23.Be4 Ke7 24.Rxd6 Qxd6 25.Bxa8 Kf7 26.Rd1 Qe7 27.Bd5+ Kg6 28.Be4+ 
Kf7 29.g6+ 1-0